000 00264 a2200097 4500
001 32960
100 _aGerstner,W
245 _aSpiking Neuron Models:Single Neurons,Populations,Plasticity
260 _aUK
_bCambridge University Press
_c2002
090 _c22116
_d22116
942 _aNUST-CAE
_cM
_c13466
999 _c268033
_d268033